00690nam a2200169 i 450000100060000000300090000600500170001500700030003200800410003510000410007624501180011726000810023530000330031685200320034999900170038195201220039874219ES-MaACL20230906172045.0t|040916s1972 sp ||||1| spa d1 aGonzález Echegaray, Rafael.95861010aPor más valer b: 1er Centenario de la Junta del Puerto de Santander 1872-1972 / cRafael González Echegaray. aSantander : bCámara Oficial de Comercio, Industria y Navegación,c1972. a208 p., 31 lám. ; c24 cm. aES-MaACLjC-43490 bR.81439 c74219d74219 00104070aATENEOMbATENEOMcDEPO2d2008-01-17eSCl0oC-43490p1077692r2023-02-23 00:00:00w2023-02-23yMONOGRAFIA